[Event "GER Cup Net Final-C U1600"]
[Site "Playchess.com INT"]
[Date "2020.06.06"]
[Round "13"]
[White "Haidekker, Kilian"]
[Black "Karpe, Sebastian"]
[Result "1-0"]
[WhiteElo "1420"]
[BlackElo "1282"]
[PlyCount "57"]
[EventDate "2020.06.06"]
[EventType "swiss (blitz)"]
[EventRounds "13"]
[EventCountry "GER"]
[SourceTitle "CBM 197 Extra"]
[Source "ChessBase"]
[SourceDate "2020.09.30"]
[SourceVersion "1"]
[SourceVersionDate "2020.09.30"]
[SourceQuality "1"]

1. e4 e6 2. d4 d5 3. Nc3 Nf6 4. e5 Nfd7 5. Bd3 c5 6. Nf3 cxd4 7. Nxd4 Nc6 8. Nxc6 bxc6 9. Bf4 Qb6 10. 0-0 Be7 11. b3 0-0 12. Re1 Bb4 13. Bd2 Qc7 14. Ne2 Bxd2 15. Qxd2 Nxe5 16. Ng3 Nxd3 17. Qxd3 a5 18. Re3 Ba6 19. Qc3 Rfd8 20. Rf3 d4 21. Qd2 Bb7 22. Nh5 c5 23. Qg5 g6 24. Qh6 f5 25. Nf6+ Kh8 26. Rh3 Rd7 27. Nxd7 Qxd7 28. Rd1 Qc6 29. Qxh7# 1-0

[Event "GER Cup Net Final-C U1600"]
[Site "Playchess.com INT"]
[Date "2020.06.06"]
[Round "1"]
[White "Homann, Christoph"]
[Black "Haidekker, Kilian"]
[Result "1-0"]
[WhiteElo "1610"]
[BlackElo "1420"]
[PlyCount "133"]
[EventDate "2020.06.06"]
[EventType "swiss (blitz)"]
[EventRounds "13"]
[EventCountry "GER"]
[SourceTitle "CBM 197 Extra"]
[Source "ChessBase"]
[SourceDate "2020.09.30"]
[SourceVersion "1"]
[SourceVersionDate "2020.09.30"]
[SourceQuality "1"]

1. e4 e5 2. Nf3 Nc6 3. Bb5 a6 4. Ba4 Nf6 5. 0-0 b5 6. Bb3 Bc5 7. c3 d6 8. Re1 Bg4 9. d3 h6 10. Nbd2 Nh5 11. Nf1 g5 12. h3 Bxf3 13. Qxf3 Nf4 14. Bxf4 gxf4 15. Qh5 Qg5 16. Qxf7+ Kd8 17. Qf5 Qxf5 18. exf5 Rf8 19. g4 Ke7 20. Nh2 h5 21. Bd5 Kd7 22. Be6+ Ke7 23. g5 Rg8 24. h4 Rgf8 25. Kf1 Nd8 26. d4 Nxe6 27. fxe6 exd4 28. cxd4 Bxd4 29. Rac1 c5 30. b3 Be5 31. Nf3 Kxe6 32. Nxe5 dxe5 33. Rxc5 Rac8 34. Rexe5+ Kd6 35. Red5+ Ke6 36. Rxc8 Rxc8 37. Rd3 Rc2 38. a4 bxa4 39. bxa4 Ra2 40. Rd4 Ke5 41. Rb4 a5 42. Rb5+ Ke4 43. g6 Rxa4 44. g7 Ra1+ 45. Kg2 f3+ 46. Kh2 Ra2 47. g8Q Rxf2+ 48. Kg1 Re2 49. Qe6+ Kd3 50. Qd5+ Kc2 51. Rc5+ Kb1 52. Qb3+ Rb2 53. Qxb2+ Kxb2 54. Rxa5 Kc3 55. Kf2 Kd4 56. Kxf3 Kc4 57. Rxh5 Kd4 58. Rf5 Kc4 59. h5 Kd4 60. h6 Kc4 61. h7 Kd4 62. h8Q+ Kc4 63. Qd8 Kc3 64. Rf7 Kc4 65. Rc7+ Kb5 66. Qb8+ Ka6 67. Ra7# 1-0

[Event "GER Cup Net Final-C U1600"]
[Site "Playchess.com INT"]
[Date "2020.06.06"]
[Round "6"]
[White "Smith, Tobias"]
[Black "Haidekker, Kilian"]
[Result "1-0"]
[WhiteElo "1480"]
[BlackElo "1420"]
[PlyCount "127"]
[EventDate "2020.06.06"]
[EventType "swiss (blitz)"]
[EventRounds "13"]
[EventCountry "GER"]
[SourceTitle "CBM 197 Extra"]
[Source "ChessBase"]
[SourceDate "2020.09.30"]
[SourceVersion "1"]
[SourceVersionDate "2020.09.30"]
[SourceQuality "1"]

1. e4 e5 2. Nf3 Nc6 3. d4 d6 4. Bb5 exd4 5. Nxd4 Bd7 6. Nc3 a6 7. Nxc6 Bxc6 8. Bxc6+ bxc6 9. 0-0 Nf6 10. Bg5 h6 11. Bh4 Be7 12. f4 0-0 13. Qf3 Nxe4 14. Bxe7 Qxe7 15. Qxe4 Qxe4 16. Nxe4 Rfe8 17. Rae1 d5 18. Nc3 Rxe1 19. Rxe1 Rb8 20. b3 Rb4 21. Re7 Rxf4 22. Rxc7 Rd4 23. Rxc6 Rd2 24. Na4 a5 25. Nb6 d4 26. Nd5 d3 27. cxd3 Rxd3 28. Nf4 Rd2 29. Rc8+ Kh7 30. Rf8 f6 31. Rb8 Rxa2 32. b4 axb4 33. Rxb4 Ra1+ 34. Kf2 Ra2+ 35. Ke3 Ra3+ 36. Ke4 Ra2 37. Kf3 Ra3+ 38. Kg4 Ra2 39. Kh3 Ra3+ 40. g3 Ra5 41. Rb7 h5 42. Ne6 Kh6 43. Rxg7 Ra6 44. Re7 f5 45. Nf4 Kg5 46. Rh7 Rh6 47. Rg7+ Kf6 48. Ra7 Ke5 49. Ra5+ Kf6 50. Ra6+ Kg5 51. Rxh6 Kxh6 52. Kh4 Kg7 53. Nxh5+ Kg6 54. Nf4+ Kf6 55. Kh5 Ke5 56. Kg5 Ke4 57. h4 Ke5 58. h5 Ke4 59. h6 Kf3 60. h7 Kxg3 61. h8Q Kf3 62. Qh3+ Ke4 63. Qd3+ Ke5 64. Qd5# 1-0

[Event "GER Cup Net V4 U1600"]
[Site "Playchess.com INT"]
[Date "2020.05.31"]
[Round "7"]
[White "Haidekker, Kilian"]
[Black "Segermann, Nils"]
[Result "0-1"]
[WhiteElo "1431"]
[BlackElo "1692"]
[PlyCount "86"]
[EventDate "2020.05.31"]
[EventType "swiss (blitz)"]
[EventRounds "9"]
[EventCountry "GER"]
[SourceTitle "EXT 2021"]
[Source "ChessBase"]
[SourceDate "2020.10.23"]
[SourceVersion "1"]
[SourceVersionDate "2020.10.23"]
[SourceQuality "1"]

1. e4 e6 2. d4 b6 3. Nf3 Bb7 4. Nc3 Bb4 5. e5 c5 6. a3 cxd4 7. axb4 dxc3 8. bxc3 Ne7 9. Bb5 Bc6 10. Bxc6 Nbxc6 11. Bg5 h6 12. Bxe7 Nxe7 13. 0-0 Qc8 14. Qd3 Nd5 15. Ra3 a5 16. bxa5 Rxa5 17. Rxa5 bxa5 18. Qb5 Nxc3 19. Qxa5 Nd5 20. Rc1 0-0 21. c4 Nf4 22. Qc3 Ne2+ 23. Kf1 Nxc3 24. Rxc3 Qc7 25. c5 Ra8 26. g3 Ra1+ 27. Kg2 Ra5 28. Rb3 Rxc5 29. Ra3 Qc6 30. Rb3 Rxe5 31. Rb8+ Kh7 32. Rf8 Rf5 33. Ra8 Qxf3+ 34. Kf1 Qxa8 35. Ke2 Qf3+ 36. Kd2 Qxf2+ 37. Kc3 Rd5 38. Kc4 Qc5+ 39. Kb3 Rd3+ 40. Kb2 Qb4+ 41. Kc2 Qc3+ 42. Kb1 Rd1+ 43. Ka2 Ra1# 0-1

[Event "GER Cup Net V2 U1600"]
[Site "Playchess.com INT"]
[Date "2020.05.22"]
[Round "5"]
[White "Haidekker, Kilian"]
[Black "Fleischmann, Theo"]
[Result "0-1"]
[WhiteElo "1373"]
[BlackElo "1524"]
[PlyCount "64"]
[EventDate "2020.05.22"]
[EventType "swiss (blitz)"]
[EventRounds "9"]
[EventCountry "GER"]
[SourceTitle "EXT 2021"]
[Source "ChessBase"]
[SourceDate "2020.10.23"]
[SourceVersion "1"]
[SourceVersionDate "2020.10.23"]
[SourceQuality "1"]

1. e4 c6 2. d4 d5 3. Nc3 dxe4 4. Nxe4 Nf6 5. Nxf6+ exf6 6. Bc4 Be7 7. Nf3 0-0 8. 0-0 Be6 9. Bxe6 fxe6 10. Bf4 Nd7 11. c3 Nb6 12. Qd3 Nd5 13. Be3 Bd6 14. Rfe1 Bc7 15. g3 Qd6 16. c4 Nxe3 17. Rxe3 Rad8 18. Qe4 Rfe8 19. Rae1 Kf7 20. b3 g6 21. c5 Qd5 22. Qxd5 exd5 23. Rxe8 Rxe8 24. Rxe8 Kxe8 25. b4 a5 26. a3 axb4 27. axb4 b6 28. Nd2 bxc5 29. dxc5 Be5 30. Nb3 Bc3 31. Nd4 Bxd4 32. Kg2 Bc3 0-1

[Event "GER Cup Net V1 U1600"]
[Site "Playchess.com INT"]
[Date "2020.05.19"]
[Round "1"]
[White "Haidekker, Kilian"]
[Black "Badrinarayanan, Harini"]
[Result "0-1"]
[WhiteElo "1491"]
[BlackElo "1799"]
[PlyCount "86"]
[EventDate "2020.05.19"]
[EventType "swiss (blitz)"]
[EventRounds "9"]
[EventCountry "GER"]
[SourceTitle "EXT 2021"]
[Source "ChessBase"]
[SourceDate "2020.10.23"]
[SourceVersion "1"]
[SourceVersionDate "2020.10.23"]
[SourceQuality "1"]

1. e4 d5 2. exd5 Nf6 3. Nc3 Nxd5 4. Nxd5 Qxd5 5. Nf3 Bg4 6. Be2 Nc6 7. 0-0 0-0-0 8. c3 e5 9. h3 Bh5 10. d3 e4 11. dxe4 Qxe4 12. Qe1 Re8 13. Be3 f5 14. Ng5 Bxe2 15. Nxe4 Bxf1 16. Qxf1 fxe4 17. Qc4 Bd6 18. Rd1 h6 19. Qf7 g5 20. Qb3 g4 21. hxg4 h5 22. g5 h4 23. Qa4 a6 24. Qb3 h3 25. g3 h2+ 26. Kh1 Ne5 27. Qa4 Ng4 28. Rf1 Rhf8 29. Qd4 Rf3 30. Qa7 Ref8 31. Qa8+ Kd7 32. Qxb7 Nxe3 33. Qxa6 Nxf1 34. Qxf1 Rxf2 35. Qxf2 Rxf2 36. g6 Rf8 37. Kxh2 Rg8 38. Kh3 Rxg6 39. g4 e3 40. Kh4 e2 41. Kh5 Rg8 42. g5 e1Q 43. Kh6 Qh4# 0-1

[Event "GER Cup Net V1 U1600"]
[Site "Playchess.com INT"]
[Date "2020.05.19"]
[Round "2"]
[White "Karpe, Sebastian"]
[Black "Haidekker, Kilian"]
[Result "1-0"]
[WhiteElo "1221"]
[BlackElo "1486"]
[PlyCount "37"]
[EventDate "2020.05.19"]
[EventType "swiss (blitz)"]
[EventRounds "9"]
[EventCountry "GER"]
[SourceTitle "EXT 2021"]
[Source "ChessBase"]
[SourceDate "2020.10.23"]
[SourceVersion "1"]
[SourceVersionDate "2020.10.23"]
[SourceQuality "1"]

1. d4 d5 2. c4 e6 3. Nc3 Bb4 4. Qc2 Nf6 5. cxd5 Nxd5 6. a4 Nc6 7. Nf3 0-0 8. Bg5 Qd7 9. e3 h6 10. Bh4 b6 11. Bb5 Bb7 12. 0-0 Rac8 13. Ne5 Qd6 14. Ne4 Qxe5 15. dxe5 Nxe5 16. Bg3 Ng6 17. Bc4 Rfd8 18. Rad1 c5 19. Qb3 1-0

[Event "GER-ch Net blitz qual4"]
[Site "Playchess.com INT"]
[Date "2020.03.23"]
[Round "5"]
[White "Grewenig, Rolf"]
[Black "Haidekker, Kilian"]
[Result "0-1"]
[WhiteElo "2039"]
[BlackElo "1402"]
[PlyCount "104"]
[EventDate "2020.03.23"]
[EventType "swiss (blitz)"]
[EventRounds "9"]
[EventCountry "GER"]
[SourceTitle "CBM 195 Extra"]
[Source "ChessBase"]
[SourceDate "2020.05.31"]
[SourceVersion "1"]
[SourceVersionDate "2020.05.31"]
[SourceQuality "1"]

1. e4 e5 2. d4 d6 3. dxe5 dxe5 4. Qxd8+ Kxd8 5. Bc4 Nf6 6. Bxf7 Nxe4 7. Nf3 Nc6 8. 0-0 Bd6 9. Ng5 Nxg5 10. Bxg5+ Ne7 11. Nc3 h6 12. Bh4 g5 13. Bg3 Nf5 14. Ne4 Nxg3 15. fxg3 Rf8 16. Rad1 Ke7 17. Bh5 Rxf1+ 18. Rxf1 Be6 19. b3 Rf8 20. Nxd6 Rxf1+ 21. Kxf1 cxd6 22. a3 Bf7 23. Bf3 b6 24. b4 Ke6 25. c3 d5 26. Ke2 Kf5 27. Ke3 e4 28. Be2 Be8 29. h3 b5 30. Kd4 Ke6 31. Kc5 a6 32. Kb6 Ke5 33. Kxa6 d4 34. cxd4+ Kxd4 35. Kb6 e3 36. h4 Kc3 37. Kc5 Kb3 38. Kd4 Kxa3 39. Kxe3 Kxb4 40. hxg5 hxg5 41. Ke4 Bd7 42. Ke5 Ka4 43. Kf6 g4 44. Ke5 b4 45. Kd4 Kb3 46. Bc4+ Kc2 47. Bd3+ Kb2 48. Kc4 b3 49. Be2 Be6+ 50. Kb4 Kc2 51. Bb5 b2 52. Ba4+ Kc1 0-1

[Event "GER-ch Net blitz qual4"]
[Site "Playchess.com INT"]
[Date "2020.03.23"]
[Round "4"]
[White "Haidekker, Kilian"]
[Black "Hagenbeck Huebert, Ben"]
[Result "0-1"]
[WhiteElo "1402"]
[BlackElo "1749"]
[PlyCount "114"]
[EventDate "2020.03.23"]
[EventType "swiss (blitz)"]
[EventRounds "9"]
[EventCountry "GER"]
[SourceTitle "CBM 195 Extra"]
[Source "ChessBase"]
[SourceDate "2020.05.31"]
[SourceVersion "1"]
[SourceVersionDate "2020.05.31"]
[SourceQuality "1"]

1. e4 e5 2. Nf3 Nc6 3. Bc4 Nf6 4. d3 Bc5 5. 0-0 0-0 6. Bg5 d6 7. h3 h6 8. Bh4 Be6 9. Bxe6 fxe6 10. c3 Ne7 11. Bxf6 Rxf6 12. d4 exd4 13. cxd4 Bb6 14. Nc3 Ng6 15. e5 dxe5 16. dxe5 Rf5 17. Qxd8+ Rxd8 18. Rfe1 Nf4 19. Rad1 Rxd1 20. Rxd1 Rf8 21. Na4 Rf7 22. Nxb6 axb6 23. Rd8+ Kh7 24. Kh2 Kg6 25. g4 Nd5 26. h4 Rxf3 27. Kg2 Rf4 28. Kg3 Re4 29. h5+ Kh7 30. Rd7 Rxe5 31. f4 Re3+ 32. Kf2 Re4 33. Kf3 Rxf4+ 34. Ke2 Rxg4 35. Kd3 Rg5 36. Rd8 Rxh5 37. Re8 Re5 38. Kd4 Re2 39. b4 h5 40. b5 Re3 41. a4 h4 42. Rxe6 Rxe6 43. Kxd5 Re1 44. Kc4 h3 45. Kb4 h2 46. a5 bxa5+ 47. Kxa5 h1Q 48. b6 Qd5+ 49. Kb4 Rb1+ 50. Kc3 cxb6 51. Kc2 Qe4+ 52. Kd2 g5 53. Kc3 g4 54. Kd2 g3 55. Kc3 g2 56. Kd2 g1Q 57. Kc3 Qgd4# 0-1

[Event "GER-ch Net blitz qual3"]
[Site "Playchess.com INT"]
[Date "2020.03.21"]
[Round "4"]
[White "Haidekker, Kilian"]
[Black "Goetz, Timon"]
[Result "0-1"]
[WhiteElo "1620"]
[BlackElo "1558"]
[PlyCount "100"]
[EventDate "2020.03.21"]
[EventType "swiss (blitz)"]
[EventRounds "9"]
[EventCountry "GER"]
[SourceTitle "CBM 195 Extra"]
[Source "ChessBase"]
[SourceDate "2020.05.31"]
[SourceVersion "1"]
[SourceVersionDate "2020.05.31"]
[SourceQuality "1"]

1. e4 c5 2. Nc3 e6 3. f4 Nc6 4. Nf3 Nge7 5. Bc4 g6 6. 0-0 Bg7 7. d3 a6 8. Be3 b6 9. a3 0-0 10. b4 cxb4 11. axb4 b5 12. Bb3 Nxb4 13. Bc5 Nbc6 14. Nxb5 Bxa1 15. Nd6 Bg7 16. Ba4 f5 17. e5 Qc7 18. Qc1 Bb7 19. c3 Rfd8 20. d4 a5 21. Ng5 h6 22. Nf3 Ba6 23. Re1 Nd5 24. Nh4 Nde7 25. Re3 Kh7 26. Rg3 Rab8 27. Qe1 Rb2 28. Qc1 Rdb8 29. Qd2 Rxd2 30. h3 Rb1+ 31. Kh2 Ra1 32. Nf3 Rda2 33. Ng1 Rxa4 34. Nf3 R4a3 35. Ng1 Rb3 36. Nf3 Rc1 37. Ng1 Rcxc3 38. Nf3 Be2 39. Ng1 Rxg3 40. Nxe2 Rge3 41. Ng1 Nc8 42. Nf3 Nxd6 43. Bxd6 Qb6 44. Ng1 Qxd4 45. Nf3 Qxf4+ 46. Kg1 Rxf3 47. gxf3 Qg3+ 48. Kf1 Qxf3+ 49. Kg1 Rb1+ 50. Kh2 Rh1# 0-1

[Event "GER-ch Net blitz qual3"]
[Site "Playchess.com INT"]
[Date "2020.03.21"]
[Round "6"]
[White "Hoehne, Peter"]
[Black "Haidekker, Kilian"]
[Result "1-0"]
[WhiteElo "2020"]
[BlackElo "1620"]
[PlyCount "27"]
[EventDate "2020.03.21"]
[EventType "swiss (blitz)"]
[EventRounds "9"]
[EventCountry "GER"]
[SourceTitle "CBM 195 Extra"]
[Source "ChessBase"]
[SourceDate "2020.05.31"]
[SourceVersion "1"]
[SourceVersionDate "2020.05.31"]
[SourceQuality "1"]

1. e4 e5 2. f4 exf4 3. Nf3 Nc6 4. d4 d5 5. e5 Bg4 6. Bxf4 Bb4+ 7. c3 Ba5 8. Nbd2 Nge7 9. Bd3 0-0 10. Bxh7+ Kxh7 11. Ng5+ Kg8 12. Qxg4 Ng6 13. Qh5 f6 14. Qh7# 1-0